<?xml version="1.0" encoding="UTF-8"?>
<record
    xmlns:xsi="http://www.w3.org/2001/XMLSchema-instance"
    xsi:schemaLocation="http://www.loc.gov/MARC21/slim http://www.loc.gov/standards/marcxml/schema/MARC21slim.xsd"
    xmlns="http://www.loc.gov/MARC21/slim">

  <leader>00567cam5a220019300 4500</leader>
  <controlfield tag="001">tmp15943652</controlfield>
  <controlfield tag="003">UPRA</controlfield>
  <controlfield tag="005">20190822110027.0</controlfield>
  <controlfield tag="008">951114s1976    xx                  eng u</controlfield>
  <datafield tag="035" ind1=" " ind2=" ">
    <subfield code="a">(Sirsi) r50745</subfield>
  </datafield>
  <datafield tag="035" ind1=" " ind2=" ">
    <subfield code="a">(UPRA)tmp15943652</subfield>
  </datafield>
  <datafield tag="040" ind1=" " ind2=" ">
    <subfield code="c">UPRA</subfield>
  </datafield>
  <datafield tag="100" ind1="1" ind2=" ">
    <subfield code="a">Knittl, Zdenek.</subfield>
    <subfield code="6">A8601.1</subfield>
  </datafield>
  <datafield tag="245" ind1="1" ind2="0">
    <subfield code="a">Optics of thin films :</subfield>
    <subfield code="b">[an optical multilayer theory].</subfield>
  </datafield>
  <datafield tag="260" ind1=" " ind2=" ">
    <subfield code="c">1976.</subfield>
  </datafield>
  <datafield tag="949" ind1=" " ind2=" ">
    <subfield code="a">QC176.84</subfield>
    <subfield code="w">lcc</subfield>
    <subfield code="i">33729001805626</subfield>
    <subfield code="m">MAIN</subfield>
    <subfield code="p">2500</subfield>
    <subfield code="t">BOOK</subfield>
    <subfield code="l">ON-SHELF</subfield>
  </datafield>
  <datafield tag="949" ind1=" " ind2=" ">
    <subfield code="a">QC176.84</subfield>
    <subfield code="w">lcc</subfield>
    <subfield code="i">33729001805683</subfield>
    <subfield code="m">MAIN</subfield>
    <subfield code="p">2500</subfield>
    <subfield code="t">BOOK</subfield>
    <subfield code="l">ON-SHELF</subfield>
  </datafield>
  <controlfield tag="004">50745</controlfield>
  <datafield tag="999" ind1=" " ind2=" ">
    <subfield code="c">131722</subfield>
    <subfield code="d">131722</subfield>
  </datafield>
</record>
